00581nam a2200157Ia 4500008004100000020001600041050002200057100001900079245004800098260003800146300002300184520002200207650006600229650006400295650006400359150610s9999 xx 000 0 und d a0 440942500 aPZ7b.F749Jo 1971 aForbes, Esther aJohnny Tremain /cwritten by Esther Forbes. aNew York : bBantam Books,c1971. a269pages ;c18 cm. aJuvenile fiction. a Boston (Mass.) -- History -- Revolution, 1775-1783xFiction. aUnited States -- History -- Revolution, 1775-1783bFiction. aUnited States -- History -- Revolution, 1775-1783xFiction.